[Event "Torch Real Estate Cup"]
[Site "Jinan CHN"]
[Date "2005.04.20"]
[Round "1"]
[White "Yuan Jun"]
[Black "Liang Jinrong"]
[Result "0-1"]
[WhiteElo "2306"]
[BlackElo "2467"]

1.e4 c5 2.Nf3 Nc6 3.d4 cxd4 4.Nxd4 e6 5.Nb5 d6 6.c4 Nf6 7.N1c3 a6 8.Na3 Be7
9.Be2 b6 10.O-O Bb7 11.Be3 Ne5 12.f3 Ned7 13.Rc1 O-O 14.Qd2 Qc7 15.Rfd1 Rac8
16.Bf1 Rfe8 17.Qf2 Bd8 18.Qd2 Qb8 19.Kh1 Bc7 20.Bf4 Ne5 21.Bxe5 dxe5 22.b4 Red8
23.Qb2 Rxd1 24.Nxd1 Bd6 25.Nb1 Qc7 26.c5 bxc5 27.bxc5 Nd7 28.c6 Bxc6 29.Bxa6 Rb8
30.Qe2 Bc5 31.Bc4 Bd4 32.Nbc3 Qa5 33.h3 h5 34.Kh2 Nc5 35.Rb1 Rxb1 36.Nxb1 Na4
37.Nd2 Ba7 38.Nb3 Qb6 39.Qe1 h4 40.g3 hxg3+ 41.Kxg3 Nc5 42.Nxc5 Qxc5 43.Qf1 Qd4
44.Qf2 Qd7 45.Qe2 Qd8 46.Kh2 Qg5 47.Nf2 g6 48.Nd3 Qg1+  0-1

[Event "Torch Real Estate Cup"]
[Site "Jinan CHN"]
[Date "2005.04.22"]
[Round "3"]
[White "Yuan Jun"]
[Black "Wu Xibin"]
[Result "1/2-1/2"]
[WhiteElo "2306"]
[BlackElo "2390"]

1.e4 c5 2.Nf3 Nc6 3.d4 cxd4 4.Nxd4 e6 5.Nb5 d6 6.c4 Nf6 7.N1c3 a6 8.Na3 Be7
9.Be2 b6 10.O-O Bb7 11.Be3 Ne5 12.f3 O-O 13.Rc1 Re8 14.Kh1 Ned7 15.Nab1 Bf8
16.Qd2 d5 17.cxd5 exd5 18.exd5 b5 19.a3 Nb6 20.Bxb6 Qxb6 21.Rce1 Red8 22.Bd3 b4
23.axb4 Nxd5 24.Nxd5 Rxd5 25.Qe3 Qd6 26.Be4 Rh5 27.f4 Re8 28.Qf3 Qh6 29.h3 Bxb4
30.Nc3 Bc8 31.Kh2 Rf8 32.Rd1 Be6 33.Nd5 a5 34.Nxb4 axb4 35.Rd6 g6 36.Kg1 Rc5
37.Bd5 Bxd5 38.Rxd5 Rxd5 39.Qxd5 Qg7 40.Rf2 Qf6 41.Qc5 b3 42.Qb4 Qe6 43.Rf3 Rd8
44.Qxb3 Qe2 45.Kh2 h5 46.Qe3 Qxb2 47.Rf2 Qb5 48.Re2 Qf5 49.Qe4 Qf6 50.Qe5 Kg7
51.h4 Qxe5 52.Rxe5 Kf6 53.Kg3 Rd3+ 54.Kf2 Ra3 55.g3 Rb3 56.Kg2 Rb6 57.Kf3  1/2-1/2

[Event "Open"]
[Site "Metz FRA"]
[Date "2005.04.23"]
[Round "8"]
[White "Lesot,J"]
[Black "Ivanov,J"]
[Result "0-1"]
[WhiteElo "1991"]
[BlackElo "2350"]

1.e4 c5 2.Nf3 e6 3.d4 cxd4 4.Nxd4 Nc6 5.Nb5 Nf6 6.N1c3 d6 7.Be3 a6 8.Nd4 Be7
9.f3 O-O 10.Qd2 Nxd4 11.Qxd4 b5 12.O-O-O Bb7 13.g4 Rc8 14.h4 Nd7 15.g5 Ne5
16.Be2 Nc4 17.Bxc4 Rxc4 18.Qb6 Qc8 19.Rd2 Rd8 20.Rhd1 Rd7 21.Ne2 Bd8 22.Qa7 Bxe4
23.fxe4 Rxa7 24.Bxa7 Rxe4 25.Nc3 Rxh4  0-1

[Event "2nd Open"]
[Site "Porto Carras GRE"]
[Date "2005.04.24"]
[Round "3"]
[White "Korneev,O"]
[Black "Obodchuk,A"]
[Result "1/2-1/2"]
[WhiteElo "2611"]
[BlackElo "2442"]

1.e4 c5 2.Nf3 e6 3.d4 cxd4 4.Nxd4 Nc6 5.Nb5 d6 6.Bf4 e5 7.Be3 Be6 8.Nd2 a6
9.Nc3 Nf6 10.Nc4 Be7 11.Nb6 Rb8 12.Be2 O-O 13.O-O Nd7 14.Ncd5 Nxb6 15.Bxb6 Qd7
16.c3 Bd8 17.Be3 b5 18.Qd2 Ne7 19.Nxe7+ Qxe7 20.a4 Bb6 21.axb5 axb5 22.h3 Rfd8
23.Ra6 Bxe3 24.Qxe3 d5 25.exd5 Bxd5 26.Ra7 Qe6 27.Re1 g6 28.Bf3 Bxf3 29.Qxf3 Rd5
30.Re7 Qxe7 31.Qxd5 b4 32.Rxe5 Qa7 33.Qd2 bxc3 34.Qxc3 h5 35.b4 Qd7 36.Re4 Qd1+
37.Re1 Qd5 38.h4 Qf5 39.Re5 Qd7 40.Rc5 Kh7 41.Qc4 Rb7 42.g3 Ra7 43.Qe4 Ra1+
44.Kh2 Qd1 45.Ra5 Qg1+ 46.Kh3 Rxa5 47.bxa5 Qxf2 48.Qf4 Qa2 49.Qe5 Qf2 50.Qf4 Qa2
51.Qe5 Qf2 52.Qb5 Qe1 53.Qd5 Qf1+ 54.Kh2 Qe2+ 55.Qg2 Qc4 56.Qb2 f6 57.Qxf6 Qa2+
58.Kh3 Qxa5 59.Qf7+ Kh6 60.Qf8+  1/2-1/2

[Event "IM"]
[Site "Ostrava CZE"]
[Date "2005.05.01"]
[Round "2"]
[White "Czarnota,D"]
[Black "Priborsky,J"]
[Result "0-1"]
[WhiteElo "2244"]
[BlackElo "2320"]

1.e4 c5 2.Nf3 e6 3.d4 cxd4 4.Nxd4 Nc6 5.Nb5 d6 6.c4 Nf6 7.N1c3 a6 8.Na3 Be7
9.Be2 b6 10.O-O Bb7 11.Be3 Nb8 12.f3 Nbd7 13.Nc2 O-O 14.Qd2 Qc7 15.Rfd1 Rac8
16.Bf2 Rfe8 17.Ne3 Bf8 18.Rac1 Qb8 19.b3 Bc6 20.a4 Nc5 21.Qa2 a5 22.Rc2 Rcd8
23.Rcd2 Na6 24.Qb2 Nd7 25.Nb5 Bxb5 26.axb5 Nb4 27.f4 Nc5 28.Bf3 d5 29.exd5 Qxf4
30.Rd4 Qc7 31.dxe6 Nxe6 32.Rxd8 Rxd8 33.Rxd8 Qxd8 34.Bd5 Nd3 35.Qc3 Nxf2
36.Kxf2 Bc5 37.Qe5 Qh4+ 38.Kf1 Qf4+ 39.Qxf4 Nxf4 40.g3 Bxe3  0-1

[Event "ch-FRA Top 16 Poule Haute"]
[Site "Port Barcares FRA"]
[Date "2005.05.04"]
[Round "8"]
[White "Schlosser,P"]
[Black "Delchev,A"]
[Result "1/2-1/2"]
[WhiteElo "2559"]
[BlackElo "2614"]

1.e4 c5 2.Nf3 e6 3.d4 cxd4 4.Nxd4 Nc6 5.Nb5 d6 6.c4 Nf6 7.N1c3 a6 8.Na3 Be7
9.Be2 O-O 10.O-O b6 11.Be3 Bb7 12.Qb3 Nd7 13.Rfd1 Nc5 14.Qc2 Qc7 15.Rac1 Rac8
16.Qd2 Qb8 17.Nc2 Ne5 18.f3 Ncd7 19.b3 Ng6 20.Kh1 Rfe8 21.Bf1 h6 22.a3 Rc7
23.Nd4 Bf8 24.b4 Nge5 25.Na4 Rec8 26.Nb2 d5 27.cxd5 Rxc1 28.Rxc1 Rxc1 29.Qxc1 exd5
30.f4 Ng4 31.e5 Nxe3 32.Qxe3 Qc7 33.Nd3 Nb8 34.e6 Nc6 35.Nxc6 Bxc6 36.exf7+ Qxf7
37.Ne5 Qb7 38.Qh3 Be8 39.Qe6+ Bf7 40.Bxa6 Bxe6 41.Bxb7 Bd6 42.g3 g5 43.Kg2 Kg7
44.Kf3 gxf4 45.gxf4 Kf6 46.Nc6 Bf5 47.Ke3 Bh3 48.Nd4 Bg2 49.Ba6 h5 50.Be2 h4
51.Nb5 Bb8 52.Bd3 Ke6 53.a4 Kd7 54.a5 bxa5 55.bxa5 d4+ 56.Nxd4 Ba7 57.Be2 Kc8
58.Bc4 h3 59.f5 Bb8 60.Nf3 Bxf3 61.Kxf3 Bxh2 62.Kg4 Bc7 63.a6 h2 64.Bd5 Kb8
65.f6  1/2-1/2

[Event "ch-FRA Top 16 Poule Basse"]
[Site "Port Barcares FRA"]
[Date "2005.05.04"]
[Round "8"]
[White "Nezar,M"]
[Black "Marchadour,E"]
[Result "1-0"]
[WhiteElo "2375"]
[BlackElo "2018"]

1.e4 c5 2.Nf3 e6 3.d4 cxd4 4.Nxd4 Nc6 5.Nb5 d6 6.c4 a6 7.N5c3 Nf6 8.Be2 Be7
9.O-O O-O 10.Be3 b6 11.Qb3 Rb8 12.Rd1 Qc7 13.Na3 Na5 14.Qc2 Rd8 15.Rac1 Nc6
16.Nd5 Qa7 17.Nxe7+ Qxe7 18.Nb1 Qc7 19.Bg5 Ne7 20.Bxf6 gxf6 21.Qc3 e5 22.Qg3+ Kh8
23.Nc3 f5 24.Qg5 f4 25.Qf6+ Kg8 26.Bh5 Ng6 27.Nd5 Qd7 28.Bxg6 hxg6 29.Ne7+ Kh7
30.Qxf7+  1-0

[Event "VII Open"]
[Site "Salou ESP"]
[Date "2005.05.20"]
[Round "1"]
[White "Ruprich,U"]
[Black "Lalic,B"]
[Result "0-1"]
[WhiteElo "1994"]
[BlackElo "2503"]

1.e4 c5 2.Nf3 e6 3.d4 cxd4 4.Nxd4 Nc6 5.Nb5 d6 6.c4 Nf6 7.N1c3 a6 8.Na3 Be7
9.Be2 O-O 10.O-O b6 11.Be3 Ne5 12.Qb3 Ned7 13.Rad1 Bb7 14.f3 Rb8 15.Rd2 Qc7
16.Rfd1 Rfe8 17.Kh1 Ba8 18.Bf4 Ne5 19.Bg3 Nh5 20.Bf2 Nf4 21.Bf1 g5 22.Be3 Nfg6
23.Ne2 Rec8 24.Ng3 Qd8 25.Qa4 Bb7 26.b4 Qf8 27.Qb3 d5 28.cxd5 Bxb4 29.dxe6 Rc3
30.exf7+ Nxf7 31.Qe6 Rxe3 32.Nh5 Bxd2 33.Nf6+ Kh8 34.Rxd2 Re1 35.Rf2 Qxa3
36.Nh5 Qe7 37.Qxb6 Rc8 38.g3 Nfe5 39.Kg2 g4 40.fxg4 Nxg4 41.Qb2+ N6e5 42.Rf4 Rc2+
43.Qxc2 Ne3+  0-1

[Event "Victory Cup"]
[Site "Alushta UKR"]
[Date "2005.05.21"]
[Round "10"]
[White "Annageldyev,O"]
[Black "Sharma,D"]
[Result "0-1"]
[WhiteElo "2483"]
[BlackElo "2381"]

1.e4 c5 2.Nf3 e6 3.d4 cxd4 4.Nxd4 Nc6 5.Nb5 d6 6.c4 Nf6 7.N1c3 a6 8.Na3 Be7
9.Be2 O-O 10.O-O b6 11.Be3 Bb7 12.Qb3 Nd7 13.Rfd1 Qc7 14.Rac1 Nc5 15.Qc2 Rac8
16.Qd2 Qb8 17.Nc2 Ne5 18.f3 Rfe8 19.b3 Kh8 20.Nd4 Rg8 21.Bg5 Bf8 22.f4 Ng6
23.f5 Ne5 24.Qe3 Qa8 25.fxe6 fxe6 26.Qh3 Bxe4 27.b4 Ncd7 28.Nxe6 Bg6 29.Nd5 b5
30.cxb5 Rxc1 31.Bxc1 axb5 32.Bxb5 Qxa2 33.Nef4 Nf6 34.Nxg6+ Nxg6 35.Qa3 Qc2
36.Qd3 Qc8 37.Bb2 Nxd5 38.Qxd5 Be7 39.Qf7 Qc2 40.Bxg7+ Rxg7  0-1

[Event "VII Open"]
[Site "Salou ESP"]
[Date "2005.05.23"]
[Round "4"]
[White "Bruned,B"]
[Black "Jakobsen,O"]
[Result "0-1"]
[WhiteElo "2193"]
[BlackElo "2387"]

1.e4 c5 2.Nf3 e6 3.d4 cxd4 4.Nxd4 Nc6 5.Nb5 d6 6.Bf4 e5 7.Be3 a6 8.N5c3 Nf6
9.Bg5 Be7 10.Bxf6 Bxf6 11.Nd5 O-O 12.Nbc3 Kh8 13.Bd3 Be6 14.O-O Bg5 15.a4 Rc8
16.Kh1 g6 17.Qe1 Nd4 18.f3 Bxd5 19.exd5 f5 20.a5 Rc5 21.b4 Rc7 22.Ra3 Qc8
23.g3 Bc1 24.Qxc1 Rxc3 25.Rf2 Qc7 26.Qb2 Rc8 27.Kg1 Kg8 28.Rxc3 Qxc3 29.Qxc3 Rxc3
30.Kf1 Kf7 31.Ke1 Ke7 32.Kd2 Ra3 33.Kc1 Ra1+ 34.Kb2 Rd1 35.Kc3 Kd7 36.g4 Ke7
37.h4 Rh1 38.h5 Rh3 39.hxg6 hxg6 40.Kc4 Kf6 41.f4 Rf3 42.fxe5+ Kxe5 43.Rxf3 Nxf3
44.gxf5 gxf5 45.b5 Nd2+ 46.Kb4 axb5 47.Kxb5 Ne4 48.Kb6 Nc5 49.Bb5 f4 50.Bc6 f3
51.Bb5 Kxd5 52.a6 Nxa6 53.Kxb7 Nc5+ 54.Kc7 f2 55.Bf1 Ke5 56.Kc6 Ne4 57.c4 Nd2
58.Be2 Nb3 59.Bf1 Nd2 60.Be2 f1=Q 61.Bxf1 Nxf1 62.c5 d5 63.Kb5 Nd2 64.c6 Ne4
65.c7 Nd6+ 66.Kb4 d4 67.Kb3 Ke4 68.Kb4 d3 69.Kc5 Ke5  0-1

[Event "VII Open"]
[Site "Salou ESP"]
[Date "2005.05.28"]
[Round "9"]
[White "Bruned,Y"]
[Black "Farran Martos,F"]
[Result "1-0"]
[WhiteElo "2316"]
[BlackElo "2107"]

1.e4 c5 2.Nf3 e6 3.d4 cxd4 4.Nxd4 Nc6 5.Nb5 Nf6 6.N1c3 d6 7.Bf4 e5 8.Bg5 a6
9.Na3 b5 10.Nd5 Be7 11.Bxf6 Bxf6 12.c3 Bg5 13.Nc2 f5 14.h4 Be7 15.exf5 Bxf5
16.Nce3 Be6 17.Bd3 Rb8 18.a3 a5 19.b4 Bf6 20.Qe2 O-O 21.Bxb5 Nd4 22.cxd4 exd4
23.Nxf6+ Qxf6 24.O-O dxe3 25.fxe3 Qxh4 26.bxa5 Rxf1+ 27.Rxf1 Qg5 28.Bc4 Bxc4
29.Qxc4+ Kh8 30.Qf4 Qe7 31.a6 h6 32.Rf3 Rb1+ 33.Kh2 Rb8 34.e4 Ra8 35.Rb3 Rxa6
36.Rb8+ Kh7 37.Qf5+ g6 38.Qf2 Rxa3 39.g3 Qa7 40.Qb2 g5 41.Rb7+ Kg6 42.Qg7+  1-0

[Event "National Open"]
[Site "Las Vegas USA"]
[Date "2005.06.11"]
[Round "4"]
[White "Martinez,Leo"]
[Black "Somogyi,I"]
[Result "1/2-1/2"]
[WhiteElo "2176"]
[BlackElo "2250"]

1.e4 c5 2.Nf3 e6 3.d4 cxd4 4.Nxd4 Nc6 5.Nb5 d6 6.c4 a6 7.N5c3 Nf6 8.Be2 Be7
9.O-O O-O 10.Be3 Qc7 11.Nd2 b6 12.Rc1 Bb7 13.Nd5 exd5 14.cxd5 Rfc8 15.Bf3 Qd8
16.dxc6 Rxc6 17.Qb3 Nd7 18.Rxc6 Bxc6 19.Rd1 Qc7 20.Nb1 Nc5 21.Qc2 Qb7 22.Nc3 Re8
23.Nd5 Bf8 24.Rc1 a5 25.h3 Kh8 26.Rd1 Nd7 27.Rc1 Nc5 28.Rd1 Nd7 29.Rc1 Nc5  1/2-1/2

[Event "Torch Real Estate Cup"]
[Site "Xiapu CHN"]
[Date "2005.06.23"]
[Round "16"]
[White "Zhao Lan"]
[Black "Liang Zhihua"]
[Result "0-1"]
[WhiteElo "2187"]
[BlackElo "2232"]

1.e4 c5 2.Nf3 e6 3.d4 cxd4 4.Nxd4 Nc6 5.Nb5 d6 6.c4 Nf6 7.N1c3 a6 8.Na3 Be7
9.Be2 O-O 10.O-O b6 11.f4 Bb7 12.Bf3 Rc8 13.b3 Nd7 14.Bb2 Nb4 15.Qe2 Re8
16.Kh1 Bf8 17.Rfd1 Qc7 18.Rac1 Nc5 19.Nc2 Nxc2 20.Rxc2 d5 21.cxd5 exd5 22.Nxd5 Bxd5
23.Rxd5 Qxf4 24.Bc1 Qf6 25.e5 Qg6 26.b4 Nb3 27.Rxc8 Rxc8 28.Be3 Nc1 29.Qxa6 Rc3
30.Bd2 Qb1 31.Qf1 Rc7 32.Rd8 Qb2 33.e6 Qf6 34.exf7+ Kxf7 35.Ra8 Nd3 36.Bd5+ Ke7
37.Bg5 Nf2+ 38.Kg1 Nh3+ 39.Kh1 Nxg5 40.Qe1+ Kd6 41.Bb3 Ne4 42.Qd1+ Ke5 43.Re8+ Be7
44.Qd5+ Kf4 45.g3+ Ke3 46.Bc4 Qf3+ 47.Kg1 Qf2+ 48.Kh1 Qe1+ 49.Kg2 Qd2+ 50.Qxd2+ Nxd2
51.Bg8 h6 52.a4 Ne4 53.Bb3 Bxb4 54.Re6 Bc5 55.Bd5 Re7 56.Rc6 Nc3 57.Bb3 Kd4
58.Rc8 Re2+ 59.Kh3 Rb2 60.Rd8+ Ke5 61.Bf7 Nxa4  0-1

[Event "White Nights"]
[Site "St Petersburg RUS"]
[Date "2005.06.25"]
[Round "8"]
[White "Polyaninov,A"]
[Black "Novikov,MiV"]
[Result "1/2-1/2"]
[WhiteElo "2409"]
[BlackElo "2370"]

1.e4 c5 2.Nf3 e6 3.d4 cxd4 4.Nxd4 Nc6 5.Nb5 Nf6 6.N1c3 d6 7.Bf4 e5 8.Bg5 a6
9.Na3 b5 10.Nd5 Be7 11.Bxf6 Bxf6 12.c3 Bg5 13.Nc2 O-O 14.a4 bxa4 15.Rxa4 a5
16.Bc4 Rb8 17.b3 Kh8 18.O-O g6 19.Qe2 Bh6 20.b4 axb4 21.cxb4 f5 22.b5 Na5
23.Ncb4 Bd7 24.Rxa5 Qxa5 25.Nc6 Bxc6 26.bxc6 Qc5 27.c7 Rbc8 28.exf5 gxf5
29.Ba2 Rxc7 30.Qh5 Bg7 31.Nxc7 Qxc7 32.Be6  1/2-1/2

[Event "2nd RUS Pupils Summer Boys"]
[Site "Satka RUS"]
[Date "2005.06.29"]
[Round "3"]
[White "Matsenko,S"]
[Black "Gerasimov,Y"]
[Result "1-0"]
[WhiteElo "2284"]
[BlackElo "2302"]

1.e4 c5 2.Nf3 Nc6 3.d4 cxd4 4.Nxd4 e6 5.Nb5 d6 6.c4 Nf6 7.N5c3 Be7 8.Be2 O-O
9.O-O b6 10.Be3 Bb7 11.Nd2 Rc8 12.Rc1 Qd7 13.f4 Rfe8 14.Bf3 Bf8 15.Bf2 Nb4
16.Qe2 d5 17.e5 Ne4 18.Ndxe4 dxe4 19.Nxe4 Qd3 20.a3 Bxe4 21.Qxe4 Qxe4 22.Bxe4 Nc6
23.b4 Nb8 24.Rfd1 Red8 25.Rxd8 Rxd8 26.Be3 f5 27.exf6 gxf6 28.c5 bxc5 29.bxc5 f5
30.Bb7 Rd3 31.Kf2 Rxa3 32.c6 Ra2+ 33.Kf3 Nxc6 34.Rxc6 Kf7 35.Bc8  1-0

[Event "Open A"]
[Site "Klatovy CZE"]
[Date "2005.07.08"]
[Round "7"]
[White "Sott,P"]
[Black "Vedral,O"]
[Result "1/2-1/2"]
[WhiteElo "2102"]
[BlackElo "2252"]

1.e4 c5 2.Nf3 Nc6 3.d4 cxd4 4.Nxd4 e6 5.Nb5 d6 6.c4 a6 7.N5c3 Nf6 8.Be2 Be7
9.O-O O-O 10.Be3 Qc7 11.f4 b6 12.Nd2 Bb7 13.Rc1 Rac8 14.Nd5 exd5 15.cxd5 b5
16.Bf3 Qb8 17.dxc6 Rxc6 18.Rxc6 Bxc6 19.Bd4 Nd7 20.Kh1 Bf6 21.Nb3 Re8 22.Qc2 Qa8
23.Re1 Bb7 24.Qc7 Bxd4 25.Nxd4 Nf6 26.e5 Nd5 27.Qxd6 Rd8 28.Qc5 Rc8 29.Qd6 Nxf4
30.e6 Nxe6 31.Bxb7 Qxb7 32.Nxe6 Re8 33.Re5 fxe6 34.Rxe6 Rxe6 35.Qxe6+ Kf8
36.h3 h6 37.Qf5+ Kg8 38.Qe6+ Kh8 39.a3 a5 40.b3 b4 41.axb4 Qxb4 42.Qc8+ Kh7
43.Qf5+ Kg8 44.Qd5+ Kf8 45.Qd8+ Kf7 46.Qd7+ Kf6 47.Qd8+ Kg6 48.Qd5 Qe1+ 49.Kh2 Qc3
50.h4 Kf6 51.g3 Qc2+ 52.Kg1 Qc3 53.Kh2 Qb2+ 54.Kh3 Qe5 55.Qd8+ Kf5 56.Qc8+ Ke4
57.Qc2+ Ke3 58.Qc1+ Ke2 59.Qc2+ Ke1 60.Qc4 Kd1 61.b4 axb4 62.Qb3+ Ke2 63.Qxb4 Kf2
64.Qd2+ Kf3 65.Qd3+ Kf2 66.Qd2+ Kf3 67.Qd3+ Kf2  1/2-1/2

[Event "DMP 1st League"]
[Site "Koszalin POL"]
[Date "2005.07.09"]
[Round "6"]
[White "Mucha,R"]
[Black "Kukla,M"]
[Result "1/2-1/2"]
[WhiteElo "2007"]
[BlackElo "1969"]

1.e4 c5 2.Nf3 Nc6 3.d4 cxd4 4.Nxd4 e6 5.Nb5 d6 6.Bf4 e5 7.Be3 Nf6 8.Bg5 a6
9.N5c3 Be7 10.Nd2 b5 11.Bxf6 Bxf6 12.a4 b4 13.Nd5 O-O 14.Nc4 a5 15.Nxf6+ Qxf6
16.Qxd6 Qxd6 17.Nxd6 Nd4 18.O-O-O Rd8 19.Nc4 Be6 20.Nxe5 Rac8 21.Kb1 f6 22.Nd3 Nxc2
23.Be2 Bb3 24.Nc1 Bxa4 25.Bc4+ Kf8 26.Rxd8+ Rxd8 27.Bb3 Bxb3 28.Nxb3 a4 29.Kxc2 axb3+
30.Kxb3 Rd2 31.Rf1 Ke7 32.Kxb4 Rxb2+ 33.Kc3 Ra2 34.Kd4 Ke6 35.g3 g5 36.Ke3 Ra3+
37.Kd4 Ra4+ 38.Kd3 Ra3+ 39.Kd4 Ra4+ 40.Ke3 Ra3+ 41.Kd2 Ra2+ 42.Kd3 Ra3+ 43.Kd4  1/2-1/2

[Event "16th Open"]
[Site "Ljubljana SLO"]
[Date "2005.07.14"]
[Round "8"]
[White "Babataeva,I"]
[Black "Gombac,Jan"]
[Result "1/2-1/2"]
[WhiteElo "2141"]
[BlackElo "2283"]

1.e4 c5 2.Nf3 e6 3.d4 cxd4 4.Nxd4 Nc6 5.Nb5 d6 6.c4 Nf6 7.N1c3 a6 8.Nd4 Be7
9.Be2 O-O 10.Be3 Bd7 11.O-O Nxd4 12.Qxd4 Rc8 13.Rad1 Qc7 14.f4 Bc6 15.b4 Rfd8
16.Qb6 Qb8 17.Bf3 Nd7 18.Qa5 Bf6 19.Ne2 b5 20.Nd4 Bxd4 21.Bxd4 bxc4 22.Qg5 f6
23.Qg4 Re8 24.Bc3 Kh8 25.e5 dxe5 26.Bxc6 Qa7+ 27.Kh1 Rxc6 28.fxe5 Nxe5 29.Bxe5 fxe5
30.Qh5 Rec8 31.Rf7 R6c7 32.Rf3 e4 33.Rh3 h6 34.Qe5 Qf2 35.Rxh6+ Kg8 36.Rxe6 Rf7
37.h3 c3 38.Re8+ Rxe8 39.Qxe8+ Rf8 40.Qxe4 Qg3 41.Qd5+ Kh8 42.Qh5+ Kg8 43.Qd5+ Kh8
44.Qh5+ Kg8 45.Qd5+ Kh8  1/2-1/2

[Event "Politiken Cup"]
[Site "Copenhagen DEN"]
[Date "2005.07.17"]
[Round "3"]
[White "Hansen,ML"]
[Black "Goriainov,V"]
[Result "0-1"]
[WhiteElo "2002"]
[BlackElo "2314"]

1.e4 c5 2.Nf3 Nc6 3.d4 cxd4 4.Nxd4 e6 5.Nb5 d6 6.N1c3 a6 7.Nd4 Qb6 8.Nb3 Nf6
9.Be3 Qc7 10.Be2 Be7 11.a4 O-O 12.O-O Ne5 13.f4 Nc4 14.Bxc4 Qxc4 15.Qf3 Bd7
16.Rad1 e5 17.f5 Bxa4 18.Bg5 Bxb3 19.cxb3 Qc5+ 20.Kh1 Qb6 21.Bxf6 Bxf6 22.Nd5 Qd8
23.Rd3 Rc8 24.Qh5 h6 25.g4 Rc5 26.g5 Bxg5 27.f6 g6 28.Qg4 Bf4 29.Rxf4 exf4
30.Qxf4 Rxd5 31.Rxd5 Kh7 32.Rxd6 Qa5 33.Rd1 Qb4 34.Qf3 Re8 35.Rd7 Kg8 36.Re7 Qe1+
37.Kg2 Qd2+ 38.Qf2 Qg5+ 39.Qg3 Qb5 40.Rxe8+ Qxe8 41.Qf3 Qe5 42.Qe2 Qxf6 43.e5 Qc6+
44.Kg3 Qd5 45.Qe3 Kg7 46.Qc3 Kh7 47.Qe3 Qe6 48.Qc3 Qf5 49.Kg2 g5 50.Kg1 Kg6
51.Kg2 h5 52.Kg1 h4 53.Kg2 g4 54.Kg1 Qe4 55.b4 h3 56.Qd2 Qxe5 57.Qd3+ f5
58.Qd2 f4 59.Qd3+ Kh6 60.Qd1 Kh5 61.Kf1 Qe4  0-1

[Event "Open A"]
[Site "Pardubice CZE"]
[Date "2005.07.23"]
[Round "2"]
[White "Melnikova,Y"]
[Black "Tunik,G"]
[Result "0-1"]
[WhiteElo "2331"]
[BlackElo "2446"]

1.e4 c5 2.Nf3 e6 3.d4 cxd4 4.Nxd4 Nc6 5.Nb5 d6 6.c4 Nf6 7.N1c3 a6 8.Na3 Be7
9.Be2 b6 10.Be3 Bb7 11.Qb3 Nd7 12.O-O Nc5 13.Qc2 Rc8 14.Rfd1 O-O 15.Rac1 Qc7
16.Nab1 Qb8 17.a3 Ne5 18.b4 Ncd7 19.Qb3 Nf6 20.f3 Bd8 21.Kh1 Bc7 22.Nd2 h6
23.f4 Ng6 24.Kg1 Rfe8 25.g3 Rcd8 26.Bf3 Qa8 27.Qc2 Rc8 28.Qb1 Ne7 29.Bf2 Red8
30.Re1 Nd7 31.Qd3 Bb8 32.Nb3 Ba7 33.Qf1 Nf6 34.Nd4 Rc7 35.Qe2 Qc8 36.e5 Bxf3
37.Nxf3 Ne8 38.Na4 Qb7 39.exd6 Nxd6 40.c5 bxc5 41.Nxc5 Qb5 42.Qxb5 axb5 43.Ne5 Nd5
44.Kg2 Rdc8 45.Rcd1 g5 46.Kf3 gxf4 47.gxf4 Nf5 48.Rd3 Kh7 49.Rg1 Bxc5 50.Bxc5 Ra8
51.Ke4 Nf6+ 52.Kf3 Ra4 53.Ng4 Nxg4 54.Kxg4 Ra8 55.Kf3 Nh4+ 56.Ke4 Ng6 57.Rgd1 Ra4
58.Rc1 f5+ 59.Kf3 e5 60.Rdc3 Nxf4 61.Bd6 Rxc3+ 62.Rxc3 Nd5 63.Rc5 Rxa3+ 64.Kf2 Nc3
65.Rc7+ Kg6 66.Bxe5 Ne4+ 67.Ke2 Rb3 68.Rg7+ Kh5 69.Rf7 Kg4 70.h3+ Rxh3 71.Rg7+ Ng5
72.Rb7 Rb3 73.Rxb5 f4 74.Bd4 Ne4 75.Rb6 f3+ 76.Ke1 Rb1+  0-1

[Event "Open A"]
[Site "Pardubice CZE"]
[Date "2005.07.23"]
[Round "2"]
[White "Mueller,Fa"]
[Black "Priborsky,J"]
[Result "1-0"]
[WhiteElo "2229"]
[BlackElo "2320"]

1.e4 c5 2.Nf3 e6 3.d4 cxd4 4.Nxd4 Nc6 5.Nb5 d6 6.c4 Nf6 7.N1c3 a6 8.Na3 b6
9.Be3 Ne5 10.Be2 Bb7 11.f3 Ned7 12.O-O Be7 13.Qd2 O-O 14.Rfd1 Qc7 15.Bf1 Rac8
16.Rac1 Qb8 17.Qf2 Bd8 18.Kh1 Bc7 19.Qg1 Rfe8 20.Nc2 h5 21.Qf2 d5 22.cxd5 exd5
23.Nxd5 Bxh2 24.Nxf6+ Nxf6 25.Nd4 Rxc1 26.Rxc1 Bxe4 27.Bxa6 Bg6 28.Bb5 Bg3
29.Qd2 Rd8 30.Bd3 Qa8 31.Bxg6 fxg6 32.Qc2 Qxa2 33.Qxg6 Qf7 34.Qxg3 Nd5 35.Qg5 Re8
36.Nf5 Kh7 37.Nd6  1-0

[Event "92nd ch-GBR"]
[Site "Douglas IOM"]
[Date "2005.08.05"]
[Round "5"]
[White "Jessel,S"]
[Black "Emms,J"]
[Result "1/2-1/2"]
[WhiteElo "2285"]
[BlackElo "2509"]

1.e4 c5 2.Nf3 e6 3.d4 cxd4 4.Nxd4 Nc6 5.Nb5 d6 6.c4 Nf6 7.N1c3 a6 8.Nd4 Bd7
9.Be2 Be7 10.O-O O-O 11.Be3 Nxd4 12.Qxd4 Bc6 13.f3 Nd7 14.b4 b6 15.a3 Qb8
16.Rfc1 Rc8 17.Rab1 Bf6 18.Qd2 b5 19.cxb5 Bxc3 20.Rxc3 Bxb5 21.Rbc1 Rxc3
22.Rxc3 Nb6 23.Bf1 d5 24.Qd4 Bxf1 25.Kxf1 Na4 26.Rc1 Qb5+ 27.Kg1 dxe4 28.Qxe4 Rd8
29.Qd4 Qb8 30.Qc4 Qb5 31.Qc8 Rf8 32.Qc4 h6 33.Qxb5 axb5 34.Rc7 Rd8 35.Kf2 g5
36.h4 Rd5 37.hxg5 hxg5 38.g4 Kg7 39.Ke2 Kf6 40.Bd2 Re5+ 41.Kd3 Rd5+ 42.Kc2 Kg6
43.Rc8 f6 44.Rb8 Kf7 45.Rb7+ Kg6 46.Rb8  1/2-1/2

[Event "FSGM August"]
[Site "Budapest HUN"]
[Date "2005.08.09"]
[Round "4"]
[White "Lapshun,Y"]
[Black "Fogarasi,T"]
[Result "1/2-1/2"]
[WhiteElo "2462"]
[BlackElo "2490"]

1.e4 c5 2.Nf3 e6 3.d4 cxd4 4.Nxd4 Nc6 5.Nb5 d6 6.Bf4 e5 7.Be3 a6 8.N5c3 Nf6
9.Bc4 Be7 10.Nd5 Nxd5 11.Bxd5 O-O 12.Qd2 Be6 13.Nc3 Rc8 14.O-O b5 15.Bb3 Na5
16.Rac1 Nc4 17.Bxc4 Rxc4 18.b3 Rc6 19.Nd5 Bxd5 20.Qxd5 Qc7 21.c4 bxc4 22.Rc3 Rc8
23.Rfc1 Qd8 24.Rxc4 Rxc4 25.Rxc4 h6 26.g3 Rxc4 27.Qxc4 Qa5 28.a4 Bg5 29.Bxg5 hxg5
30.Kg2 g6 31.h3 Kg7 32.g4 Kf6 33.Kf1 Ke7 34.Ke2 Ke8 35.Kf1 Ke7 36.Ke2 Ke8
37.Kf1  1/2-1/2

[Event "Stork YM"]
[Site "Hengelo NED"]
[Date "2005.08.09"]
[Round "3"]
[White "Lupulescu,C"]
[Black "Michiels,B"]
[Result "1-0"]
[WhiteElo "2542"]
[BlackElo "2457"]

1.e4 c5 2.Nf3 Nc6 3.d4 cxd4 4.Nxd4 e6 5.Nb5 d6 6.c4 Nf6 7.N1c3 a6 8.Na3 b6
9.Be3 Nb8 10.Be2 Bb7 11.f3 Be7 12.O-O Nbd7 13.Qd2 Qc7 14.Rfd1 O-O 15.Rac1 Rac8
16.Kh1 Qb8 17.Nc2 Bd8 18.Bg1 Bc7 19.Bf1 Rfe8 20.Ne3 Kh8 21.b4 Rg8 22.Rb1 g5
23.Qd4 Rg6 24.Ng4 Kg8 25.Nxf6+ Nxf6 26.Qe3 Nh5 27.Ne2 Qa8 28.h3 d5 29.cxd5 exd5
30.exd5 Bxd5 31.Bf2 Bxa2 32.Rbc1 Be6 33.Rc3 Nf6 34.Qc1 Qb8 35.Nd4 Bf4 36.Rxc8+ Bxc8
37.Nc6 Qb7 38.Qc3 Kg7 39.Re1 Bd7 40.Ne7 Rh6 41.Bd4 Be6 42.Bxf6+ Rxf6 43.Ng8 Kxg8
44.Qxf6 Qd5 45.Be2 Qe5 46.Qxe5 Bxe5 47.Bxa6 Bc3 48.Re4 Bd5 49.Re8+ Kg7 50.Rd8 Be6
51.b5 Bb4 52.Bc8 Ba2 53.Bb7 Bc5 54.Bd5 Bb1 55.Rd7 Bg6 56.g4 h5 57.Kg2 Be7  1-0

[Event "FSIMC August"]
[Site "Budapest HUN"]
[Date "2005.08.11"]
[Round "6"]
[White "Braghetta,S"]
[Black "Vasvari,T"]
[Result "1-0"]
[WhiteElo "2264"]
[BlackElo "2203"]

1.e4 c5 2.Nf3 e6 3.d4 cxd4 4.Nxd4 Nc6 5.Nb5 d6 6.Bf4 e5 7.Be3 Nf6 8.Bg5 a6
9.N5c3 Be7 10.Bxf6 Bxf6 11.Nd5 Bg5 12.Nbc3 b5 13.b4 O-O 14.a4 bxa4 15.Rxa4 a5
16.b5 Ne7 17.Bc4 Be6 18.O-O Nc8 19.Qd3 Qd7 20.Rd1 Bd8 21.Bb3 Rb8 22.Raa1 Kh8
23.Rab1 g6 24.Kh1 f6 25.f3 h5 26.Ne3 Bb6 27.Bxe6 Qxe6 28.Nc4 Rd8 29.Nd5 a4
30.Ncxb6 Nxb6 31.Qe3 Nxd5 32.Qh6+ Kg8 33.Qxg6+ Kf8 34.Rxd5 Qf7 35.Qh6+ Ke7
36.Ra1 Ra8 37.Qd2 Ke6 38.Qb4 Qb7 39.Rxa4 Rxa4 40.Qxa4 Ra8 41.Qb3  1-0

[Event "92nd ch-GBR"]
[Site "Douglas IOM"]
[Date "2005.08.11"]
[Round "10"]
[White "McDonnell,J"]
[Black "Taylor,Ge"]
[Result "1/2-1/2"]
[WhiteElo "2054"]
[BlackElo "2135"]

1.e4 c5 2.Nf3 Nc6 3.d4 cxd4 4.Nxd4 e6 5.Nb5 Nf6 6.N1c3 d6 7.Bf4 e5 8.Bg5 a6
9.Na3 b5 10.Nd5 Be7 11.Bxf6 Bxf6 12.c3 O-O 13.Nc2 Rb8 14.Be2 Bg5 15.O-O Ne7
16.Ncb4 Bb7 17.b3 a5 18.Nxe7+ Bxe7 19.Nd5 Bxd5 20.Qxd5 b4 21.c4 Qb6 22.Rfd1 Rbc8
23.Rd2 Rc5 24.Qd3 Ra8 25.Bd1 Qc7 26.Bc2 g6 27.Qf3 Ra7 28.Rad1 Bf8 29.h4 Qd8
30.g3 Kg7 31.Rd5 Rac7 32.Qe3 Qf6 33.Kg2 h5 34.R1d3 Kh7 35.Qe2 Kg8 36.Qe3 Kh7
37.Qe2 Kg8 38.Qd1 Rxd5 39.Rxd5 Rc5 40.Qf3 Qxf3+ 41.Kxf3 Rxd5 42.cxd5 f6 43.g4 hxg4+
44.Kxg4 Bh6 45.h5 gxh5+ 46.Kxh5 Bg5 47.Kg6 Kf8 48.Kf5 Ke7 49.Kg4 Kd7  1/2-1/2

[Event "TCh-ESP Premier North"]
[Site "Barcelona ESP"]
[Date "2005.08.12"]
[Round "2"]
[White "Espineira Gonzalez,D"]
[Black "Diaz Sanchez,J"]
[Result "1-0"]
[WhiteElo "2310"]
[BlackElo "2019"]

1.e4 c5 2.Nf3 e6 3.d4 cxd4 4.Nxd4 Nc6 5.Nb5 d6 6.c4 a6 7.N5c3 Nf6 8.Be2 Be7
9.O-O O-O 10.Be3 Rb8 11.Na3 b6 12.f4 Bb7 13.Bf3 Qc7 14.Rc1 Rfd8 15.Qe2 Nd7
16.Nd5 exd5 17.cxd5 b5 18.e5 Nd4 19.Bxd4 Qa5 20.e6 Nf6 21.exf7+ Kxf7 22.Qe6+ Kf8
23.Bxf6 Bxf6 24.Bh5 Bd4+ 25.Kh1 g6 26.f5 gxh5 27.f6 Re8 28.Qxd6+ Kf7 29.Qd7+  1-0

[Event "Ada Open"]
[Site "Belgrade SCG"]
[Date "2005.08.17"]
[Round "3"]
[White "Carnic,D"]
[Black "Rajkovic,Du"]
[Result "0-1"]
[WhiteElo "2231"]
[BlackElo "2461"]

1.e4 c5 2.Nf3 e6 3.d4 cxd4 4.Nxd4 Nc6 5.Nb5 d6 6.Bf4 e5 7.Be3 Be6 8.Nd2 Nf6
9.Bg5 Be7 10.Bxf6 Bxf6 11.Nc4 O-O 12.Qxd6 Qc8 13.Qc7 Nd4 14.Qxc8 Rfxc8 15.Nxd4 Bxc4
16.Nf5 Bxf1 17.Kxf1 Rxc2 18.Rb1 Rac8 19.g3 Rd2 20.Ne3 Bg5 21.Nd1 Rcc2 22.Kg2 h5
23.a3 Bd8 24.Rf1 Bb6 25.h4 Bd4 26.b4 Rd3 27.a4 g6 28.Re1 b6 29.a5 bxa5 30.bxa5 Ra2
31.a6 Kg7 32.Kf1 Rdd2 33.Rb7 Rxa6 34.Ne3 Raa2  0-1